000 00468nam a2200205Ia 4500
005 20240823033003.0
008 240823s9999||||xx |||||||||||||| ||und||
020 _a978-81-203-4112-8
041 _aENGLISH
082 _A536.7 Q1
100 _aVenkanna B K
245 0 _aBasic Thermodynamics
250 _a1st
260 _c2011
_b#VALUE!
500 _aYES
650 _aTheromodynamics
_bMechanical
700 _a Swati B V
942 _cBK
999 _c194739
_d194739